[Event "IBCA EU-chT blind 03rd"]
[Site "Genova"]
[Date "2023.04.28"]
[Round "8.1"]
[White "Kolpakov, Vladyslav"]
[Black "Nizam, Rasim"]
[Result "0-1"]
[WhiteElo "2248"]
[BlackElo "2176"]
[PlyCount "66"]
[EventDate "2023.04.20"]
[EventType "team-swiss"]
[EventRounds "9"]
[EventCountry "ITA"]
[SourceTitle "CBM 213 Extra"]
[Source "ChessBase"]
[SourceDate "2023.05.31"]
[SourceVersion "1"]
[SourceVersionDate "2023.05.31"]
[SourceQuality "1"]
[WhiteTeam "Ukraine"]
[BlackTeam "Bulgaria"]
[WhiteTeamCountry "UKR"]
[BlackTeamCountry "BUL"]

1. e4 e6 2. d4 d5 3. e5 c5 4. c3 Qb6 5. Nf3 Nc6 6. a3 c4 7. g3 Na5 8. Nbd2 Bd7 9. Bh3 Be7 10. 0-0 Nh6 11. Ne1 Nf5 12. Ng2 0-0-0 13. f4 h5 14. Nf3 Nb3 15. Rb1 g6 16. Be3 Kb8 17. Qe2 a5 18. Bf2 Ka8 19. Qe1 Rdf8 20. Ne3 Qd8 21. g4 hxg4 22. Bxg4 Rh7 23. Bxf5 gxf5 24. Ng2 Rfh8 25. Bg3 Qg8 26. Rf2 Rh3 27. Re2 Qg4 28. Re3 Qh5 29. Kf1 Rg8 30. Ng1 Rxh2 31. Bxh2 Qxh2 32. Qf2 Rxg2 33. Qxg2 Nd2+ 0-1

[Event "IBCA World-chT blind 9th"]
[Site "Ohrid"]
[Date "2022.07.04"]
[Round "7.2"]
[White "Nizam, Rasim"]
[Black "Kolpakov, Vladyslav"]
[Result "1/2-1/2"]
[WhiteElo "2168"]
[BlackElo "2258"]
[PlyCount "80"]
[EventDate "2022.06.28"]
[EventType "team-swiss"]
[EventRounds "9"]
[EventCountry "MKD"]
[SourceTitle "EXT 2024"]
[Source "ChessBase"]
[SourceDate "2023.10.10"]
[SourceVersion "1"]
[SourceVersionDate "2023.10.10"]
[SourceQuality "1"]
[WhiteTeam "Bulgaria"]
[BlackTeam "Ukraine"]
[WhiteTeamCountry "BUL"]
[BlackTeamCountry "UKR"]

1. e4 c5 2. Nf3 d6 3. d4 cxd4 4. Nxd4 Nf6 5. Nc3 a6 6. Be2 e5 7. Nb3 Be7 8. 0-0 0-0 9. Bf3 Be6 10. Re1 Nbd7 11. a4 Rc8 12. a5 h6 13. Be3 Qc7 14. h3 Rfe8 15. Qd2 Nf8 16. Rec1 Ng6 17. Be2 Qd7 18. Qd3 Nh4 19. Bb6 Ng6 20. Be3 Qc6 21. Rd1 Red8 22. Bf3 Nh4 23. Bb6 Bc4 24. Qe3 Nxf3+ 25. Qxf3 Rd7 26. Rd2 Bd8 27. Be3 Be6 28. Nd5 Bxd5 29. exd5 Qb5 30. Rad1 Rc4 31. Qf5 Rdc7 32. Bb6 Rc8 33. Bxd8 Rxd8 34. Kh1 Rf4 35. Qd3 Qxd3 36. Rxd3 Rxf2 37. Nd2 Rc8 38. Kg1 Rf4 39. c4 Nd7 40. Rb3 Nc5 1/2-1/2

[Event "IBCA Wch blind 14th"]
[Site "Cagliari"]
[Date "2019.04.08"]
[Round "3"]
[White "Nizam, Rasim"]
[Black "Dimic, Pavle"]
[Result "1/2-1/2"]
[WhiteElo "2166"]
[BlackElo "2333"]
[PlyCount "43"]
[EventDate "2019.04.06"]
[EventType "swiss"]
[EventRounds "9"]
[EventCountry "ITA"]
[SourceTitle "CBM 189 Extra"]
[Source "ChessBase"]
[SourceDate "2019.06.03"]
[SourceVersion "1"]
[SourceVersionDate "2019.06.03"]
[SourceQuality "1"]

1. e4 c5 2. Nf3 d6 3. d4 cxd4 4. Nxd4 Nf6 5. Nc3 Nc6 6. Be3 e5 7. Nf3 h6 8. Bc4 Be7 9. 0-0 0-0 10. Qe2 Na5 11. Bb3 Nxb3 12. axb3 a6 13. Rfd1 Bd7 14. Nd2 b5 15. b4 Qc7 16. Nb3 Rfc8 17. Qd3 Be6 18. Na5 Bc4 19. Nxc4 bxc4 20. Qd2 Qb7 21. Nd5 Nxd5 22. exd5 1/2-1/2

[Event "IBCA-ol blind 15th"]
[Site "Ohrid"]
[Date "2017.06.22"]
[Round "4.1"]
[White "Nizam, Rasim"]
[Black "Ev, Emre"]
[Result "1-0"]
[WhiteElo "2158"]
[BlackElo "1502"]
[PlyCount "49"]
[EventDate "2017.06.19"]
[EventType "team-swiss"]
[EventRounds "9"]
[EventCountry "MKD"]
[SourceTitle "CBM 179 Extra"]
[Source "ChessBase"]
[SourceDate "2017.08.23"]
[SourceVersion "1"]
[SourceVersionDate "2017.08.23"]
[SourceQuality "1"]
[WhiteTeam "Bulgaria"]
[BlackTeam "Turkey"]
[WhiteTeamCountry "BUL"]
[BlackTeamCountry "TUR"]

1. e4 e6 2. d4 d5 3. Nc3 dxe4 4. Nxe4 Bd7 5. Nf3 Bc6 6. Bd3 Be7 7. Qe2 Nf6 8. 0-0 Nbd7 9. c3 0-0 10. Re1 b6 11. Neg5 Bxf3 12. Nxf3 c5 13. h3 Qc7 14. Bg5 Nd5 15. Bxe7 Nxe7 16. Ng5 g6 17. Nxe6 fxe6 18. Qxe6+ Rf7 19. Bc4 Nf5 20. Qxf7+ Kh8 21. Re8+ Rxe8 22. Qxe8+ Kg7 23. Qf7+ Kh6 24. Be6 Nh4 25. Bxd7 1-0

[Event "IBCA EU-ch blind 06th"]
[Site "Lyon"]
[Date "2015.08.02"]
[Round "9"]
[White "Schellmann, Frank"]
[Black "Nizam, Rasim"]
[Result "0-1"]
[WhiteElo "2093"]
[BlackElo "2180"]
[PlyCount "42"]
[EventDate "2015.07.25"]
[EventType "swiss"]
[EventRounds "9"]
[EventCountry "FRA"]
[SourceTitle "CBM 167 Extra"]
[Source "ChessBase"]
[SourceDate "2015.09.14"]
[SourceVersion "1"]
[SourceVersionDate "2015.09.14"]
[SourceQuality "1"]

1. e4 e6 2. d4 d5 3. e5 c5 4. c3 Nc6 5. Nf3 Bd7 6. Be2 Nge7 7. Na3 cxd4 8. cxd4 Nf5 9. Nc2 Be7 10. 0-0 Qb6 11. Kh1 Rc8 12. Rb1 a5 13. g4 Nh4 14. Nxh4 Bxh4 15. Be3 Be7 16. f4 Nb4 17. Nxb4 Qxb4 18. Qd3 0-0 19. Rf3 f6 20. exf6 Bxf6 21. g5 Be7 0-1

[Event "IBCA Wch blind"]
[Site "Seoul"]
[Date "2015.05.16"]
[Round "6"]
[White "Nizam, Rasim"]
[Black "Lapadatu, Teodor"]
[Result "1-0"]
[WhiteElo "2179"]
[BlackElo "1841"]
[PlyCount "80"]
[EventDate "2015.05.11"]
[EventType "swiss"]
[EventRounds "7"]
[EventCountry "KOR"]
[SourceTitle "CBM 166 Extra"]
[Source "ChessBase"]
[SourceDate "2015.06.18"]
[SourceVersion "1"]
[SourceVersionDate "2015.06.18"]
[SourceQuality "1"]

1. e4 d6 2. d4 Nd7 3. Nc3 g6 4. f4 Bg7 5. Nf3 e6 6. Be3 Ne7 7. Qd2 b6 8. g4 Bb7 9. 0-0-0 f5 10. Ng5 Nf8 11. gxf5 exf5 12. Bb5+ c6 13. Bc4 d5 14. exd5 cxd5 15. Bb5+ Bc6 16. Bf2 Bxb5 17. Nxb5 Qd7 18. Qb4 a5 19. Nd6+ Kd8 20. Qxb6+ Qc7 21. Ndf7+ Kd7 22. Qxc7+ Kxc7 23. Nxh8 Bxh8 24. Rde1 Kd7 25. Re2 h6 26. Nf7 Bf6 27. Rhe1 g5 28. fxg5 hxg5 29. c3 Ra6 30. Bg3 f4 31. Bf2 Nf5 32. Ne5+ Ke6 33. Ng6+ Kf7 34. Nxf8 Kxf8 35. Re6 Rxe6 36. Rxe6 Kf7 37. Ra6 g4 38. Rxa5 g3 39. hxg3 fxg3 40. Bxg3 Nxg3 1-0

[Event "IBCA Wch blind Gr2"]
[Site "Zaragoza"]
[Date "2013.06.14"]
[Round "3"]
[White "Dimic, Pavle"]
[Black "Nizam, Rasim"]
[Result "1-0"]
[WhiteElo "2201"]
[BlackElo "2222"]
[PlyCount "85"]
[EventDate "2013.06.12"]
[EventType "swiss"]
[EventRounds "7"]
[EventCountry "ESP"]
[SourceTitle "EXT 2014"]
[Source "ChessBase"]
[SourceDate "2013.11.20"]
[SourceVersion "1"]
[SourceVersionDate "2013.11.20"]
[SourceQuality "1"]

1. d4 Nf6 2. Nf3 e6 3. c4 Bb4+ 4. Bd2 Qe7 5. g3 b6 6. Bg2 Bb7 7. 0-0 Bxd2 8. Qxd2 d6 9. Nc3 Nbd7 10. Ne1 Bxg2 11. Nxg2 0-0 12. e4 e5 13. d5 Nc5 14. Qc2 a5 15. b3 Qd7 16. a3 a4 17. b4 Nb3 18. Rae1 Nd4 19. Qd1 Qh3 20. f3 Nxf3+ 21. Rxf3 Ng4 22. Ne3 Qxh2+ 23. Kf1 Qh3+ 24. Ke2 Qh2+ 25. Kd3 Nf2+ 26. Rxf2 Qxf2 27. g4 g6 28. Rf1 Qb2 29. Nc2 c6 30. Qe2 cxd5 31. Rb1 dxc4+ 32. Kd2 Qb3 33. Rxb3 axb3 34. Ne3 Rxa3 35. Nxc4 Ra1 36. Kd3 Rg1 37. Ne3 Rc8 38. Qb2 Kg7 39. Qxb3 Rc1 40. Ne2 R1c6 41. Qd5 h6 42. Qb5 R8c7 43. Nd5 1-0

[Event "IBCA Wch blind 12th"]
[Site "Belgrade"]
[Date "2010.09.04"]
[Round "9.5"]
[White "Suder, Ryszard"]
[Black "Nizam, Rasim"]
[Result "1/2-1/2"]
[WhiteElo "2210"]
[BlackElo "2220"]
[PlyCount "45"]
[EventDate "2010.08.26"]
[EventType "swiss"]
[EventRounds "9"]
[EventCountry "SRB"]
[SourceTitle "EXT 2011"]
[Source "ChessBase"]
[SourceDate "2010.11.26"]
[SourceVersion "1"]
[SourceVersionDate "2010.11.26"]
[SourceQuality "1"]

1. Nf3 Nf6 2. g3 g6 3. b3 b6 4. Bg2 Bb7 5. Bb2 Bg7 6. 0-0 0-0 7. c4 c5 8. Nc3 d6 9. d4 cxd4 10. Nxd4 Bxg2 11. Kxg2 Qc8 12. e4 Qb7 13. f3 Nbd7 14. Qd2 a6 15. Rac1 Rac8 16. Nd5 Nc5 17. Ne2 Nxd5 18. Bxg7 Ne3+ 19. Qxe3 Kxg7 20. Nf4 e6 21. Nh5+ gxh5 22. Qg5+ Kh8 23. Qf6+ 1/2-1/2

[Event "IBCA Wch blind 12th"]
[Site "Belgrade"]
[Date "2010.09.03"]
[Round "8.7"]
[White "Nizam, Rasim"]
[Black "Zsiltzova Lisenko, Lubov"]
[Result "1-0"]
[WhiteElo "2220"]
[BlackElo "2282"]
[PlyCount "117"]
[EventDate "2010.08.26"]
[EventType "swiss"]
[EventRounds "9"]
[EventCountry "SRB"]
[SourceTitle "EXT 2011"]
[Source "ChessBase"]
[SourceDate "2010.11.26"]
[SourceVersion "1"]
[SourceVersionDate "2010.11.26"]
[SourceQuality "1"]

1. e4 c5 2. Nf3 Nc6 3. Bb5 g6 4. 0-0 Bg7 5. c3 Nf6 6. Re1 0-0 7. h3 a6 8. Bf1 h6 9. d4 cxd4 10. cxd4 d5 11. e5 Ne4 12. Nbd2 Nxd2 13. Bxd2 Qb6 14. Bc3 Be6 15. Qd2 Qc7 16. Rac1 Qd7 17. a4 Rfc8 18. a5 Bf8 19. Bd3 Bf5 20. Qe3 Bxd3 21. Qxd3 e6 22. Nh2 Bg7 23. f4 Qd8 24. Qd2 Na7 25. Nf3 Nb5 26. Bb4 Rxc1 27. Rxc1 Rc8 28. Bc5 Bf8 29. b4 Bxc5 30. bxc5 Kg7 31. Ra1 Qc7 32. g4 Qd7 33. Kg2 Na7 34. Nh4 Qb5 35. f5 g5 36. f6+ Kf8 37. Nf3 Ke8 38. Ra2 Rc7 39. h4 gxh4 40. Qxh6 Qc4 41. Rd2 Nb5 42. Qxh4 Kd7 43. Qh8 Qc3 44. Qf8 Kc6 45. g5 Qe3 46. g6 fxg6 47. Qe8+ Rd7 48. f7 Nc7 49. Qxd7+ Kxd7 50. f8Q Qe4 51. c6+ bxc6 52. Qd6+ Kc8 53. Qxc6 Qg4+ 54. Kf2 Qf5 55. Rc2 Qf7 56. Qxa6+ Kd8 57. Qd6+ Kc8 58. a6 g5 59. a7 1-0